000 00594nam a2200229Ia 4500
003 OSt
005 20230531112311.0
008 210423s2008 xx 000 0 und d
020 _a978-1-4129-0803-0
040 _cAL
041 _aeng
082 _a344.0327 WILC
100 _aWILLIAMS (Jane)
_9117693
245 _aChild law for social work
260 _aNew Delhi
_bSage Publications
_c2008
300 _axvi,269p
_bHB
365 _b7888.8
_cGBP
650 _aLaw
_9117694
650 _aSocial Labour Welfare Law
_9117695
906 _aChild ; law ; social ; work
942 _2ddc
_cBK
999 _c176377
_d176377